[Event "DEM U12 2012"]
[Site "Oberhof GER"]
[Date "2012.05.28"]
[Round "3"]
[White "Schulz, Theresa Charlotte"]
[Black "Nguyen, Ha Thanh"]
[Result "0-1"]
[Termination "normal"]
[Board "48"]
[WhiteElo "1011"]
[BlackElo "1199"]
[PlyCount "92"]
[WhiteFideId "12952206"]
[BlackFideId "12942154"]
[EventCountry "GER"]
[EventRounds "11"]
[EventType "swiss"]
[EventDate "2012.05.26"]

1. e4 c5 2. Nf3 Nc6 3. d4 cxd4 4. Nxd4 g6 5. Nc3 Bg7 6. Be3 Nf6 7. Bc4 O-O 8.
O-O d6 9. Qd2 Bd7 10. Bh6 Qb6 11. Nb3 Ne5 12. Bd3 Nxd3 13. Bxg7 Kxg7 14. cxd3
Rac8 15. Rac1 Bb5 16. Nxb5 Qxb5 17. Rxc8 Rxc8 18. Qe3 a6 19. Rc1 Rxc1+ 20. Qxc1
Qxd3 21. f3 Qb5 22. Qc7 Qd7 23. Qxd7 Nxd7 24. Na5 b5 25. Nb3 Nc5 26. Nxc5 dxc5
27. Kf2 Kf6 28. Ke3 Ke5 29. f4+ Kd6 30. Kd3 a5 31. Kc3 e5 32. f5 gxf5 33. exf5
c4 34. b3 cxb3 35. axb3 Kd5 36. g4 e4 37. Kd2 Kd4 38. Ke2 a4 39. bxa4 bxa4 40.
Kd2 e3+ 41. Kc1 Kd3 42. Kd1 a3 43. Kc1 e2 44. Kb1 e1=Q+ 45. Ka2 Qc3 46. f6 Qb2#
0-1

[Event "DEM U12 2012"]
[Site "Oberhof GER"]
[Date "2012.05.28"]
[Round "3"]
[White "Gericke, Nicholas"]
[Black "Friedrich, Laura"]
[Result "1-0"]
[Termination "normal"]
[Board "49"]
[WhiteElo "1188"]
[BlackElo "840"]
[PlyCount "83"]
[WhiteFideId "12952141"]
[BlackFideId "12952249"]
[EventCountry "GER"]
[EventRounds "11"]
[EventType "swiss"]
[EventDate "2012.05.26"]

1. c4 e5 2. Nc3 Nc6 3. e3 Nf6 4. d4 e4 5. f3 exf3 6. Nxf3 Bb4 7. Bd2 d6 8. h3
O-O 9. a3 Ba5 10. Be2 Bf5 11. b4 Bb6 12. c5 dxc5 13. dxc5 Bxc5 14. bxc5 b6 15.
cxb6 axb6 16. O-O Ra5 17. Bb5 Bd7 18. a4 Qe7 19. Ne2 Ne4 20. Bxa5 bxa5 21. Qc2
Nc5 22. Kf2 Qd6 23. Rac1 Re8 24. Qxc5 Qxc5 25. Rxc5 Nb8 26. Rxc7 Bxb5 27. axb5
h6 28. Rfc1 Rf8 29. Rc8 Nd7 30. Rxf8+ Nxf8 31. Rc7 a4 32. Nc3 a3 33. b6 Ne6 34.
b7 Nxc7 35. b8=Q+ Kh7 36. Ne5 Na6 37. Qc8 Nb4 38. h4 h5 39. Nxf7 Kg6 40. Qe6+
Kh7 41. Ng5+ Kh8 42. Qe8# 1-0